=LDR 00000nam 2200000 4500 =001 INLIS000000000810358 =005 20251129022223 =035 ##$$a 0010-1125000212 =007 ta =008 251129###########################0#ara## =082 ##$$a R 297.23 =084 ##$$a R 297.23 FAU t =245 ##$$a Tahqiq Itsbat li al-Asma wa al-Sifat wa Haqiqah al-Jam‘ bayna al-Qadar wa asy-Syar‘ /$c Syaikhul Islam Ibn Taimiyah =260 ##$:$b Dar ilaf ad dauliyah =300 ##$$a 742 hlm ; $c 24 cm =520 ##$$a Aqidah Ahlus Sunnah / Ushul Iman / Asma’ wa Sifat =990 ##$$a 00000004901 =990 ##$$a 00000004902